Youth ministry in the 21st century : (Registro nro. 9852)

Detalles MARC
000 -LEADER
campo de control de longitud fija 02646cam a22005654i 4500
003 - IDENTIFICADOR DE NÚMERO DE CONTROL
campo de control PE-LiUPU
005 - FECHA Y HORA DE LA ÚLTIMA TRANSACCIÓN
campo de control 20250731172851.0
008 - DATOS DE LONGITUD FIJA--INFORMACIÓN GENERAL
campo de control de longitud fija 150221s2015 miua r 001 0 eng d
020 ## - NÚMERO INTERNACIONAL ESTÁNDAR DEL LIBRO
Número Internacional Estándar del Libro 0801049679
020 ## - NÚMERO INTERNACIONAL ESTÁNDAR DEL LIBRO
Número Internacional Estándar del Libro 9780801049675
035 ## - NÚMERO DE CONTROL DEL SISTEMA
Número de control de sistema (Sirsi) i9780801049675
040 ## - FUENTE DE CATALOGACIÓN
Centro catalogador/agencia de origen DLC
Normas de descripción rda
Lengua de catalogación spa
Centro/agencia transcriptor DLC
Centro/agencia modificador YDX
-- YDXCP
-- BTCTA
-- BDX
-- OCLCF
-- SPB
-- DRU
-- HNW
-- NLGGC
-- ZID
-- PE-LiUPU
049 ## - FONDOS LOCALES (OCLC)
Biblioteca depositaria PRUA
050 00 - SIGNATURA TOPOGRÁFICA DE LA BIBLIOTECA DEL CONGRESO
Número de clasificación BV4447
Número de ítem .Y5843 2015
082 00 - NÚMERO DE LA CLASIFICACIÓN DECIMAL DEWEY
Número de clasificación 259.23
Cutter Y76
Número de edición 23
245 00 - MENCIÓN DEL TÍTULO
Título Youth ministry in the 21st century :
Resto del título five views /
Mención de responsabilidad, etc. Chap Clark, editor.
246 3# - FORMA VARIANTE DEL TITULO
Título propio/Titulo breve Youth ministry in the twenty-first century
264 #1 - PRODUCCIÓN, PUBLICACIÓN, DISTRIBUCIÓN, FABRICACIÓN Y COPYRIGHT
Producción, publicación, distribución, fabricación y copyright Grand Rapids, Michigan :
Nombre del de productor, editor, distribuidor, fabricante Baker Academic,
Fecha de producción, publicación, distribución, fabricación o copyright [2015]
300 ## - DESCRIPCIÓN FÍSICA
Extensión xx, 193 páginas ;
Dimensiones 23 centímetros.
336 ## - TIPO DE CONTENIDO
Término de tipo de contenido text
Fuente rdacontent
337 ## - TIPO DE MEDIO
Nombre/término del tipo de medio unmediated
Fuente rdamedia
337 ## - TIPO DE MEDIO
Nombre/término del tipo de medio volume
Fuente rdacarrier
490 0# - MENCIÓN DE SERIE
Mención de serie Youth, family, and culture
504 ## - NOTA DE BIBLIOGRAFÍA, ETC.
Nota de bibliografía, etc. Índice : páginas 191-193.
505 0# - NOTA DE CONTENIDO CON FORMATO
Nota de contenido con formato Greg Stier. The gospel advancing view of youth ministry ; Responses to the gospel advancing view -- Brian Cosby. The reformed view of youth ministry ; Responses to the reformed view -- Chap Clark. The adoption view of youth ministry ; Responses to the adoption -- Fernando Arzola. The ecclesial view of youth ministry ; Responses to the ecclesial view -- Ron Hunter. The D6 view of youth ministry ; Responses to the D6 view.
526 ## - NOTA DE INFORMACIÓN SOBRE EL PROGRAMA DE ESTUDIO
Nombre del programa Segunda Especialidad En Profecías Bíblicas
526 ## - NOTA DE INFORMACIÓN SOBRE EL PROGRAMA DE ESTUDIO
Nombre del programa Segunda Especialidad En Nuevo Testamento
526 ## - NOTA DE INFORMACIÓN SOBRE EL PROGRAMA DE ESTUDIO
Nombre del programa Segunda Especialidad En Antiguo Testamento
526 ## - NOTA DE INFORMACIÓN SOBRE EL PROGRAMA DE ESTUDIO
Nombre del programa Segunda Especialidad En Estudios Adventistas
526 ## - NOTA DE INFORMACIÓN SOBRE EL PROGRAMA DE ESTUDIO
Nombre del programa Doctorado en teología
526 ## - NOTA DE INFORMACIÓN SOBRE EL PROGRAMA DE ESTUDIO
Nombre del programa Maestría en teología histórica
526 ## - NOTA DE INFORMACIÓN SOBRE EL PROGRAMA DE ESTUDIO
Nombre del programa Maestría en teología bíblica
526 ## - NOTA DE INFORMACIÓN SOBRE EL PROGRAMA DE ESTUDIO
Nombre del programa Maestría en teología
526 ## - NOTA DE INFORMACIÓN SOBRE EL PROGRAMA DE ESTUDIO
Nombre del programa Maestría en misionología
526 ## - NOTA DE INFORMACIÓN SOBRE EL PROGRAMA DE ESTUDIO
Nombre del programa Maestría en liderazgo eclesiástico
526 ## - NOTA DE INFORMACIÓN SOBRE EL PROGRAMA DE ESTUDIO
Nombre del programa Teología
596 ## -
-- 1
650 #0 - PUNTO DE ACCESO ADICIONAL DE MATERIA--TÉRMINO DE MATERIA
Término de materia o nombre geográfico como elemento de entrada Trabajo de la iglesia con los jóvenes..
700 1# - ENTRADA AGREGADA--NOMBRE PERSONAL
Nombre de persona Clark, Chap,
Fechas asociadas al nombre 1954- ,
Término indicativo de función/relación editor.
910 ## - DATOS DE OPCIÓN DEL USUARIO (OCLC)
Datos de opción del usuario jck
-- jck
-- jck
-- 20160609
910 ## - DATOS DE OPCIÓN DEL USUARIO (OCLC)
Datos de opción del usuario dbm
-- ksl
-- ksl
-- 20171227
942 ## - ELEMENTOS DE ENTRADA SECUNDARIOS (KOHA)
Fuente del sistema de clasificación o colocación Clasificación Decimal Dewey
Tipo de ítem Koha
949 ## - PROCESAMIENTO DE INFORMACIÓN LOCAL (OCLC)
a 259.23 Y76
w DEWEY
c 1
i 73522
l CCODEBUL1
m BUL
p 13.19
r 0
s Y
t BOOK
u 2016-6-9
x TEOLOGIA
-- P85
0 COMPRA
o .STAFF. Posgrado
994 ## -
-- C0
-- PEPRU
999 ## - NÚMEROS DE CONTROL DE SISTEMA (KOHA)
-- DEWEY
-- 73522
-- 2021-11-10
-- 5
-- CCODEBUL1
-- BUL
-- 13.19
-- 0
-- Y
-- BOOK
-- 2016-6-9
-- TEOLOGIA
-- P85
-- COMPRA
-- .STAFF. Posgrado
999 ## - NÚMEROS DE CONTROL DE SISTEMA (KOHA)
-- DEWEY
-- 75223
-- 2021-11-10
-- 5
-- CCODEBUL1
-- BUL
-- 21.99
-- 2
-- 0
-- Y
-- BOOK
-- 2017-1-12
-- TEOLOGIA
-- P85
-- COMPRA
-- .STAFF. Colección Teología
999 ## - NÚMEROS DE CONTROL DE SISTEMA (KOHA)
-- DEWEY
-- 77750
-- 2021-11-10
-- 4
-- CCODEBUL1
-- BUL
-- 12.41
-- 1
-- 0
-- Y
-- BOOK
-- 2017-12-27
-- TEOLOGIA
-- P85
-- DONACION
-- .STAFF. Colección Teología
980 ## - EQUIVALENCIA O REFERENCIA-CRUZADA-MENCIÓN DE SERIE--NOMBRE DE PERSONA/TÍTULO [LOCAL, CANADÁ]
ID del último usuario que modificó el registro 1
Nombre del último usuario que modificó el registro ALBERTO SANCHEZ Responsable de Automatización
Existencias
Visto por última vez Número de inventario Total de préstamos Signatura topográfica completa Código de barras Copia número Coste, precio de reemplazo Fecha de reemplazo Facultad Tipo de ítem Koha Nota pública Estado de pérdida Fuente del sistema de clasificación o colocación Restricciones de uso No para préstamo Colección Programa académico Biblioteca de origen Biblioteca actual Ubicación en estantería Fecha de adquisición Fuente de adquisición Coste, precio normal de compra
2025-12-02 6   259.23 Y76 73522 e1 18.19 2016-06-09   Libros físicos inventario-2023-12-13 No Perdido Clasificación Decimal Dewey No restringido Disponible para préstamos Colección General Maestría en teología Biblioteca CRAI UPeU Lima Biblioteca CRAI UPeU Lima Sala principal 2016-06-09 COMPRA 13.19
2025-12-02 6   259.23 Y76 75223 e2 26.99 2017-01-12   Libros físicos inventario-2023-12-13 No Perdido Clasificación Decimal Dewey No restringido Disponible para préstamos Colección General Maestría en teología Biblioteca CRAI UPeU Lima Biblioteca CRAI UPeU Lima Sala principal 2017-01-12 COMPRA 21.99
2025-12-02 5   259.23 Y76 77750 e3 17.41 2017-12-27   Libros físicos inventario-2023-12-13 No Perdido Clasificación Decimal Dewey No restringido Disponible para préstamos Colección General Maestría en teología Biblioteca CRAI UPeU Lima Biblioteca CRAI UPeU Lima Sala principal 2017-12-27 DONACION 12.41